[Event "BCF-chT3S 1415 (4NCL)"]
[Site "England"]
[Date "2014.11.15"]
[Round "1.99"]
[White "Jones, Steven"]
[Black "Cooper, Lawrence"]
[Result "0-1"]
[WhiteElo "2114"]
[BlackElo "2322"]
[PlyCount "96"]
[EventDate "2014.11.15"]
[EventType "team-swiss"]
[EventRounds "6"]
[EventCountry "ENG"]
[SourceTitle "CBM 163 Extra"]
[Source "ChessBase"]
[SourceDate "2014.12.23"]
[SourceVersion "1"]
[SourceVersionDate "2014.12.23"]
[SourceQuality "1"]
[WhiteTeam "Surbiton"]
[BlackTeam "Midland Monarchs"]
[WhiteTeamCountry "ENG"]
[BlackTeamCountry "ENG"]

1. e4 e5 2. Nf3 Nc6 3. Bb5 a6 4. Ba4 Nf6 5. 0-0 Be7 6. Re1 b5 7. Bb3 0-0 8. c3 d6 9. h3 Na5 10. Bc2 c5 11. d4 Qc7 12. b4 cxb4 13. cxb4 Nc6 14. Bb2 Nxb4 15. Bb3 Nc6 16. Nc3 Nxd4 17. Nxd4 exd4 18. Qxd4 Be6 19. Nd5 Bxd5 20. exd5 Qa7 21. Qd3 Nh5 22. Bd4 Qd7 23. g4 Nf4 24. Qf3 Ng6 25. Bc2 Bg5 26. Qc3 Rac8 27. Qb2 Nh4 28. Kh1 f5 29. Re6 Qb7 30. Bb3 fxg4 31. Rg1 Rf3 32. Rxg4 Rxh3+ 33. Kg1 Rc1+ 34. Qxc1 Bxc1 35. Re8+ Kf7 36. Rxg7+ Kxe8 37. Rxb7 Rxb3 38. axb3 Nf3+ 39. Kf1 Nxd4 40. Ra7 Nxb3 41. Rxa6 Bf4 42. Ke2 Kf7 43. Rb6 Kf6 44. Kf3 Ke5 45. Rb7 Nd4+ 46. Kg4 Bd2 47. Rxh7 b4 48. Rh5+ Ke4 0-1